New life studies ; a basic orientation to the Christian life (Study Guide) (Record no. 17445)

000 -LEADER
fixed length control field 00673nam a2200217 a 4500
001 - CONTROL NUMBER
control field :::00021395$&:&@@
003 - CONTROL NUMBER IDENTIFIER
control field OkBaRHE
005 - DATE AND TIME OF LATEST TRANSACTION
control field 20100402130758.0
008 - FIXED-LENGTH DATA ELEMENTS--GENERAL INFORMATION
fixed length control field s1982 j 000 0 eng u
020 ## - INTERNATIONAL STANDARD BOOK NUMBER
International Standard Book Number 0881510238
040 ## - CATALOGING SOURCE
Transcribing agency
100 1# - MAIN ENTRY--PERSONAL NAME
Personal name Craig, James D. Rev
245 10 - TITLE STATEMENT
Title New life studies ; a basic orientation to the Christian life (Study Guide)
250 ## - EDITION STATEMENT
Edition statement 2nd Edition
260 ## - PUBLICATION, DISTRIBUTION, ETC. (IMPRINT)
Place of publication, distribution, etc USA
Name of publisher, distributor, etc Lay Leadership Institute
Date of publication, distribution, etc 1982
300 ## - PHYSICAL DESCRIPTION
Extent 163 p
490 0# - SERIES STATEMENT
Series statement New Life Studies
650 ## - SUBJECT ADDED ENTRY--TOPICAL TERM
Topical term or geographic name as entry element Christian living-Spiritual
942 ## - ADDED ENTRY ELEMENTS (KOHA)
Source of classification or shelving scheme
Koha item type Books
Copies
Shelving location Full call number Barcode Damaged status Not for loan Lost status Permanent Location Date acquired Date last seen Price effective from Copy number Withdrawn status Koha item type Source of classification or shelving scheme
General StacksBV 4501 .C7 197821395   RHEMA Bible Training College2010-04-142010-04-142010-04-141 Books